| 000 | 00757cab a2200289 4500 | ||
|---|---|---|---|
| 001 | ABS60542 | ||
| 008 | 090401t1999 xxu||||| |||| 00| 0 eng d | ||
| 035 | _a(Sirsi) u92950 | ||
| 041 | _aeng | ||
| 100 | _aDewar, D. | ||
| 245 | _aRevised MPG3 minerals planning guidance | ||
| 260 | _c1999 | ||
| 350 | _a0 | ||
| 490 |
_aPlanning (for the Natural and Built Environment) _v(1313) 9 April 1999, 7(1) |
||
| 650 | _aAFTERCARE | ||
| 650 | _aCOMMUNITY BENEFITS | ||
| 650 |
_aEnvironment _96238 |
||
| 650 | _aMPG3 | ||
| 650 | _aNEW DEVELOPMENTS | ||
| 650 | _aOPENCAST MINING | ||
| 650 | _aPLANNING GUIDANCE | ||
| 650 | _aRESTORATION | ||
| 650 | _aSUSTAINABLE DEVELOPMENT | ||
| 690 | _aMINING AND MINERALS | ||
| 942 | _n0 | ||
| 948 | _c23/04/1999 | ||
| 999 |
_c58906 _d58906 |
||